Principios de mercadotecnia (Registro nro. 3049)

Detalles MARC
000 -LEADER
fixed length control field 02390 a2200229 4500
001 - CONTROL NUMBER
control field 39447
005 - DATE AND TIME OF LATEST TRANSACTION
control field 20260407155653.0
008 - FIXED-LENGTH DATA ELEMENTS--GENERAL INFORMATION
fixed length control field 260407a1967 arg spa d
003 - CONTROL NUMBER IDENTIFIER
control field AR-UNSa-BCEJYS
040 ## - CATALOGING SOURCE
Original cataloging agency AR-UNSa-BCEJYS
Language of cataloging spa
Transcribing agency AR-UNSa-BCEJYS
080 ## - UNIVERSAL DECIMAL CLASSIFICATION NUMBER
Universal Decimal Classification number 658.8
Common auxiliary subdivision Organización de mercados. Marketing. Ventas. Distribución
100 1# - MAIN ENTRY--PERSONAL NAME
Personal name Tousley, Rayburn D
245 10 - TITLE STATEMENT
Title Principios de mercadotecnia
264 #1 - PRODUCTION, PUBLICATION, DISTRIBUTION, MANUFACTURE, AND COPYRIGHT NOTICE
Place of production, publication, distribution, manufacture México :
Name of producer, publisher, distributor, manufacturer Unión Tipográfica Editorial Hispano-Americana (UTEHA)
Date of production, publication, distribution, manufacture, or copyright notice 1967
300 ## - PHYSICAL DESCRIPTION
Extent 788 p.
Dimensions 23 cm.
505 ## - FORMATTED CONTENTS NOTE
Formatted contents note Parte I: El sistema de la mercadotecnia: 1. Introducción - 2. Mercadotecnia de los bienes de consumo manufacturados - 3. Mercadotecnia de mercancias industriales - 4. Mercadotecnia de productos agrícolas - Parte II: El consumidor y la mercadotecnia : 5. Mercado del consumidor - 6. Proceder y motivación del consumidor - 7. El comprador consumidor - Parte III: La estructura de la mercadotecnia: Distribución detallista : 8. La estructura detallista básica - 9. La ubicación y el tamaño de los establecimiento detallistas - 10. Instituciones detallistas - 11. Instituciones detallistas (continuación) - Parte IV : La estructura de la mercadotecnia: distribución mayorista : 13. La estructura básica mayorista - 14. El mayorista corriente - 15. Relaciones fabricante-intermediario y mercdotecnia directa - 16. Tipo especializados de intermediarios mayoristas - 17. Mercadotecnia cooperativa de productos agrícolas - Parte V : Las funcones de la mercadotecnia: 18. Ventas - 19. Compras - 20. Distribucion física - 21. Distribución física (continuación) - 22. Finanzas del mercado - 23. Los riesgos del mercado - 24. Información del mercado - 25. Estandarización - Parte VI: Los precios, la política de precios y el gobierno en la mercadotecnia : 26. Competencias y precios - 27. Política de precios - 28. Políticas de precios e influencias gubernamnetales - 29. Reglamentación del gobierno sobre monopolio y competencias- 30. Retricciones gubernametales sobre la competencia; protección del consumidor; ayudas para la eficiencia de la mercadotecnia - Parte VII : Costo y eficiencia de la mercadotecnia : 31. El costo de la mercadotecnia - 32. Eficiencia de la mercadotecnia.
590 ## - LOCAL NOTE (RLIN)
Local note niveau_biblio:m niveau_hierar:0
700 1# - ADDED ENTRY--PERSONAL NAME
Personal name Clark, Eugene
700 1# - ADDED ENTRY--PERSONAL NAME
Personal name Cantuarias, Roberto
700 1# - ADDED ENTRY--PERSONAL NAME
Personal name Clark, Fred E.
942 ## - ADDED ENTRY ELEMENTS (KOHA)
Koha item type
Existencias
Withdrawn status Lost status Damaged status Not for loan Home library Current library Shelving location Date acquired Total checkouts Full call number Barcode Date last seen Price effective from Koha item type
        Biblioteca Prof. Eusebio Cleto del Rey Biblioteca Prof. Eusebio Cleto del Rey   07/04/2026   658.8 T734 L21237 07/04/2026 07/04/2026 Libro